000 00628nam a2200229 a 4500
001 70796
003 BD-RjUL
005 20211209082036.0
008 170420s1993 ii ||||| |||| 001 0 eng d
035 _a(BD-RjUL)71010
040 _aBD-RjUL
_beng
_cBD-RjUL
041 _aeng
082 _223
_a541
_bRAP 1993
100 1 _aRakshit, P C
_9161357
245 1 0 _aPhysical chemistry /
_cRakshit P. C.
250 _a1st ed.
260 _aCalcutta :
_bSarat Book House,
_c1969 [ Reprinted 1993 ].
300 _avii, 763 p. :
_bill. ;
_c22 cm.
500 _aIncludes index
650 _aPhysical chemistry
_9209544
942 _2ddc
_cBK
999 _c70796
_d70796